Guess the Eve song by the MV - Statistics

General Stats
  • This quiz has been taken 37 times
  • The average score is 11 of 16
Answer Stats
Picture Answer % Correct
fight song
94%
insomnia
88%
how to eat life
84%
last dance
84%
kaikai kitan
78%
tokyo ghetto
78%
dramaturgy
72%
lazy cat
72%
sayonara end roll
72%
as you like it
66%
bokurano
63%
outsider
63%
avant
56%
nonsense bungaku
56%
raison d'etre
50%
like the flatwoods monster
28%
No matching quizzes found
Score Distribution
Percent of People with Each Score
Percentile by Number Answered
Your Score History
You have not taken this quiz